Introducción a la teoría del derecho
Na minha lista:
| Autor principal: | |
|---|---|
| Formato: | Livro |
| Idioma: | espanhol |
| Publicado em: |
Madrid
Debate
1989
|
| Edição: | 2a. ed |
| Colecção: | Colección Universitaria. Serie de Derecho. Gregorio Peces-Barba
|
| Assuntos: | |
| Tags: |
Adicionar Tag
Sem tags, seja o primeiro a adicionar uma tag!
|
MARC
| LEADER | 00000nam a2200000 a 4500 | ||
|---|---|---|---|
| 001 | UCV2573 | ||
| 003 | CL-VaPUC | ||
| 008 | 920831e19890000SP |||||||||||||||||spa|d | ||
| 082 | 0 | 4 | |a 340.1 |b ROB |2 21 |
| 100 | 0 | |a Robles, Gregorio |e author |9 296810 | |
| 245 | 1 | 0 | |a Introducción a la teoría del derecho |
| 250 | |a 2a. ed | ||
| 300 | |a 177 p | ||
| 942 | |c BK | ||
| 945 | |d 19920831 00:00:00 | ||
| 260 | |a Madrid |b Debate |c 1989 | ||
| 650 | 0 | |a Filosofía del derecho |9 255050 | |
| 650 | 7 | |a DERECHO |2 CL-VaPUC |9 296811 | |
| 650 | 7 | |a TEORIA |2 CL-VaPUC |9 296812 | |
| 583 | |a last modification |c 19920831 00:00:00 |k Rodrigo Vera | ||
| 490 | 0 | |a Colección Universitaria. Serie de Derecho. Gregorio Peces-Barba | |
| 999 | |c 210106 |d 210104 | ||
| 952 | |0 0 |1 0 |4 0 |6 340_100000000000000_ROB_1989 |7 0 |8 DER_TF |9 186129 |a BIBDER |b BIBDER |d 2019-11-14 |i 2535939 |o 340.1 ROB 1989 |p 2535939 |r 2023-01-25 |w 2019-11-14 |x Ubicación 4to Piso |y BK |z Estos recursos deben solicitarse con anticipación |k DER | ||